Cálculos básicos en estructura atómica y molecular.
| Main Authors: | , |
|---|---|
| Format: | Section = Libro |
| Language: | Undetermined Spanish |
| Published: |
España
Vicens Vives
1988
|
| Subjects: |
| LEADER | 00641nam a2200229Ia 4500 | ||
|---|---|---|---|
| 008 | 240829s9999 xx 000 0 und d | ||
| 020 | |a 84-316-2564-3 | ||
| 040 | |a BIBLIOTECA-RUSB/ 541 P222 | ||
| 041 | |a spa | ||
| 082 | |a 541 P222 | ||
| 100 | 1 | |a Paraira Cardona, Miquel | |
| 100 | 1 | |b Pérez González, Juan José | |
| 245 | 1 | 0 | |a Cálculos básicos en estructura atómica y molecular. |
| 260 | |a España |b Vicens Vives |c 1988 | ||
| 300 | |a 202 p. :il. | ||
| 650 | 7 | |a ESTRUCTURA ATOMICA | |
| 650 | 7 | |b MECANICA CUANTICA-ORIGEN | |
| 650 | 7 | |c ENLACE QUIMICO | |
| 650 | 7 | |d NUCLEO ATOMICO | |
| 942 | |c BK |2 ddc | ||
| 991 | |a TEXTO | ||
| 999 | |c 2338 | ||